| 000 | 00573nam a22001697a 4500 | ||
|---|---|---|---|
| 999 |
_c21010 _d21010 |
||
| 003 | AR-CdUCM | ||
| 008 | 190724b ||||| |||| 00| 0 spa d | ||
| 040 |
_aMUNICIPALIDAD PROVINCIAL DEL CUSCO _cBIBLIOTECA MUNICIPAL DEL CUSCO |
||
| 082 |
_aC / 920 / _bL11 |
||
| 100 |
_aLa.Sotta, Humberto de _943802 |
||
| 245 | _aMemoria leída por su presidente DR. D. Humberto de La-Sotta en la sesión de apertura del año judicial / | ||
| 260 |
_aCuzco : _bH. G. Rozas, _c1943. |
||
| 300 |
_a148 páginas ; _c21 cm. |
||
| 650 |
_aMemorias _9235 |
||
| 942 |
_2ddc _cLIBROS |
||
| 945 | _azta | ||